[Event "Bad Woerishofen op"]
[Site "Bad Woerishofen"]
[Date "2001.??.??"]
[Round "5"]
[White "Deues, Erik"]
[Black "Fleck, Ronald"]
[Result "1-0"]
[WhiteElo "2130"]
[BlackElo "1784"]
[Annotator "ChessOrg"]
[PlyCount "149"]
[EventDate "1998.03.05"]
[Source "ChessBase"]
[SourceDate "1998.04.29"]

1. d4 {E77: Koenigsindisch (Vierbauern-Variante)} 1... Nf6 2. c4 g6 3. Nc3 Bg7
4. e4 d6 5. f4 O-O 6. Be2 6... e6 {letzter Buchzug} 7. e5 Ne8 8. Nf3 b6 9. O-O
Bb7 10. Be3 Na6 11. Qe1 c5 12. Rd1 Qe7 13. Nb5 Rd8 14. dxc5 Nxc5 (14... bxc5
15. Qa5 $14) 15. b4 $16 15... Na6 16. exd6 (16. Qd2 d5 17. Nxa7 Nxb4 18. Bxb6
$18) 16... Nxd6 $11 17. Nxd6 Rxd6 18. Rxd6 Qxd6 19. c5 (19. a3 $5 $11 $142)
19... bxc5 $15 20. bxc5 Qc6 (20... Nxc5 $5 21. Qa5 Bxf3 22. Rxf3 22... Ne4 $15)
21. Qf2 $11 21... Qa4 22. Ne5 f6 23. c6 Bxc6 24. Nxc6 Qxc6 25. Rc1 Qb7 26. Bc4
Re8 27. Bxa7 Kh8 28. a4 Bf8 (28... Ra8 29. Bb6 Nb4 30. a5 $14 (30. Bxe6 $2
30... Nd3 31. Rc7 Qxc7 32. Bxc7 Nxf2 33. Kxf2 33... Ra7 $19)) 29. Bd4 $16 29...
Kg7 (29... Bg7 $5 $16 $142) 30. Qh4 $18 30... e5 $2 (30... Be7 31. Bxa6 Qxa6
32. Bxf6+ Bxf6 33. Rc7+ Re7 34. Rxe7+ Bxe7 35. Qxe7+ Kg8 36. Qe8+ 36... Kg7 $18
) 31. fxe5 fxe5 32. Rf1 (32. Bxa6 $142 32... Qb8 33. Be3 $18) 32... exd4 33.
Qxd4+ Kh6 34. Qh4+ Kg7 35. Rf7+ (35. Qf6+ $5 $142 35... Kh6 36. Qf4+ Kg7 37.
Qf7+ Qxf7 38. Rxf7+ Kh6 39. Bxa6 Bc5+ 40. Kf1 $18) 35... Qxf7 $14 36. Bxf7 Kxf7
37. Qc4+ (37. Qxh7+ $142 37... Bg7 38. Qh4 $14) 37... Kg7 $4 (37... Re6 $17
$142) 38. Qxa6 $18 38... Bc5+ 39. Kf1 Rf8+ 40. Ke2 Bg1 41. h3 Rf7 42. Qc6 Ba7
43. a5 Bg1 44. a6 h6 45. g4 g5 46. Kd3 Ba7 47. Qe6 Bf2 48. Kc4 Rf4+ 49. Kb5 Rf7
50. Qe5+ Kh7 51. Qa1 Ba7 52. Kc6 Bf2 53. Kd6 Kg8 54. Ke6 Ba7 55. Qa4 Kg7 56.
Qa1+ (56. Kd5 56... Rf6 $18) 56... Kg8 57. Qc3 Bf2 58. Qc2 Kg7 59. Qb2+ Kg8 60.
Qb8+ Kg7 61. Qe5+ Kg8 62. h4 (62. Kd6 $5 62... Ba7 63. Kd5 63... Kh7 $18) 62...
gxh4 63. Qh5 Ra7 64. Qg6+ Rg7 65. Qxh6 Rh7 (65... Rxg4 66. Qf6 66... Rg2 $18)
66. Qg6+ Rg7 67. Qe8+ (67. Qf6 Bb6 68. Qxh4 Rg6+ 69. Kf5 69... Rg7 $18) 67...
Kh7 68. Kf5 Ra7 69. g5 Kg7 70. g6 Bd4 71. Qd8 Bf2 72. Qf6+ Kg8 73. Qb2 Bg1 74.
Kg5 (74. Qa2+ Kf8 75. Qa1 Kg8 76. Qxg1 Ra8 77. Qb6 Rf8+ 78. Kg5 Rf1 79. Qd8+
Rf8 80. Qd5+ Kh8 81. Kh6 Rf7 82. Qd8+ Rf8 83. Qxf8#) 74... Rg7 (74... Be3+ 75.
Kh5 Re7 76. Qb8+ 76... Kg7 $18) 75. Qb8# 1-0

[Event "Bad Woerishofen op"]
[Site "Bad Woerishofen"]
[Date "2001.??.??"]
[Round "7"]
[White "Deues, Erik"]
[Black "Ballon, Guenter Jan"]
[Result "1-0"]
[WhiteElo "2130"]
[BlackElo "2233"]
[Annotator "ChessOrg"]
[PlyCount "27"]
[EventDate "1998.03.05"]
[Source "ChessBase"]
[SourceDate "1998.04.29"]

1. d4 {D31: Damengambit (Halbslawisch)} 1... d5 2. c4 c6 3. Nf3 e6 4. Nc3 dxc4
5. a4 Bb4 6. Ne5 {letzter Buchzug} 6... b5 7. g3 Qd5 8. Rg1 f6 (8... Nf6 $5 9.
Bg2 9... Ne4 $11) 9. Bg2 $11 9... Qd6 10. Bf4 (10. Nxc6 $5 $142 10... Nxc6 11.
axb5 $14) 10... fxe5 $17 11. Bxe5 Qd7 12. axb5 12... Bd6 $4 (12... Ne7 $17 $142
) 13. bxc6 $18 13... Nxc6 14. Bxg7 $3 (14. Bxg7 Rb8 15. Bxc6 Qxc6 16. Ra2 $18)
1-0

[Event "Bad Woerishofen op"]
[Site "Bad Woerishofen"]
[Date "2001.??.??"]
[Round "9"]
[White "Deues, Erik"]
[Black "Oberhofer, Max"]
[Result "0-1"]
[WhiteElo "2130"]
[BlackElo "2219"]
[Annotator "ChessOrg"]
[PlyCount "70"]
[EventDate "1998.03.05"]
[Source "ChessBase"]
[SourceDate "1998.04.29"]

1. d4 {A67: Benoni (Dreibauern-System)} 1... Nf6 2. c4 e6 3. Nc3 c5 4. d5 exd5
5. cxd5 d6 6. e4 g6 7. f4 Bg7 8. Bb5+ Nfd7 9. a4 O-O 10. Nf3 10... Re8 {
letzter Buchzug} 11. O-O Na6 12. e5 Nc7 (12... Nb4 $5 $11) 13. exd6 $16 13...
Nxb5 14. Nxb5 (14. axb5 $6 14... Nf6 $11) 14... Rf8 15. Nc7 Rb8 16. f5 (16. Ne6
fxe6 17. dxe6 17... Rf5 $16) 16... Nf6 (16... Ne5 17. fxg6 fxg6 18. Be3 Nxf3+
19. Rxf3 Bxb2 20. Rb1 Rxf3 21. Qxf3 $11) 17. Ne6 (17. fxg6 hxg6 18. Bf4 18...
Nh5 $14) 17... fxe6 $14 18. dxe6 Qb6 (18... gxf5 $2 19. e7 Qe8 20. exf8=B Bxf8
21. Bf4 $18) 19. a5 Qc6 20. Ne5 Qe4 21. d7 Bxd7 22. Nxd7 Nxd7 23. exd7 Bd4+ 24.
Kh1 Rxf5 25. Re1 (25. Bh6 $5 25... Qc6 26. Qb3+ Kh8 27. Qg3 $15) 25... Qc6 26.
Qb3+ Kh8 27. Qg3 Ra8 28. Bg5 (28. Bf4 $5 $17) 28... Qxd7 $19 29. Re7 Raf8 30.
h4 (30. Rxd7 $4 30... Rf1+ 31. Rxf1 Rxf1#) 30... Rf1+ 31. Rxf1 (31. Kh2 Bg1+
32. Kh1 Be3+ 33. Kh2 Qxe7 34. Bxe7 $19) 31... Rxf1+ 32. Kh2 Bg1+ 33. Kh1 Bf2+
34. Kh2 Bxg3+ 35. Kxg3 Qd6+ (35... Qd6+ 36. Kh3 Rh1+ 37. Kg4 h5+ 38. Kf3 Qd3+
39. Be3 Rf1+ 40. Kg3 Qd6+ 41. Re5 Qxe5+ 42. Bf4 Qxf4+ 43. Kh3 Rh1#) 0-1

[Event "Bad Woerishofen op"]
[Site "Bad Woerishofen"]
[Date "2001.??.??"]
[Round "2"]
[White "Diete, Guenter"]
[Black "Woerl, Richard"]
[Result "0-1"]
[WhiteElo "1820"]
[BlackElo "2088"]
[Annotator "ChessOrg"]
[PlyCount "60"]
[EventDate "1998.03.05"]
[Source "ChessBase"]
[SourceDate "1998.04.29"]

1. e4 {B20: Sizilianisch} 1... c5 2. b4 2... b6 {letzter Buchzug} 3. Bc4 (3.
bxc5 bxc5 4. Nc3 4... Bb7 $14) 3... Bb7 $11 (3... cxb4 $143 4. Bxf7+ Kxf7 5.
Qh5+ g6 6. Qd5+ e6 7. Qxa8 $18) 4. d3 (4. bxc5 Bxe4 5. Nf3 e6 6. cxb6 6... axb6
$11) 4... e6 5. Nf3 (5. bxc5 Bxc5 6. Nf3 d5 7. exd5 exd5 8. Bb5+ Bc6 9. Bxc6+
9... Nxc6 $11) 5... Qc7 (5... cxb4 6. Bb2 $17) 6. Bb2 (6. bxc5 Bxc5 7. O-O 7...
Ne7 $11) 6... Nf6 (6... cxb4 7. e5 $17) 7. O-O (7. e5 $5 $142 7... Nd5 8. b5
$11) 7... cxb4 $17 8. Nbd2 Nc6 9. d4 Na5 10. Bd3 d5 11. Bb5+ Bc6 12. Bxc6+ Qxc6
(12... Nxc6 13. Re1 $17) 13. Ne5 Qc7 14. exd5 Nxd5 (14... exd5 $143 15. Rc1 $15
) 15. Ne4 Nc4 16. Nxc4 Qxc4 17. c3 (17. a3 $5 $17) 17... Nxc3 (17... bxc3 18.
Rc1 Qxa2 19. Ba1 $19) 18. Bxc3 bxc3 19. Rc1 Be7 20. Rxc3 Qd5 21. Qc2 O-O (21...
Qxd4 $2 22. Rd1 Qxd1+ 23. Qxd1 $18) 22. Rd1 f5 23. Rc7 Qd8 24. Nd2 Bc5 25. Rc6
(25. Rxg7+ $5 $142 25... Kxg7 26. dxc5 $17) 25... Qd7 $19 26. Qa4 (26. Rxc5
$142 26... bxc5 27. dxc5 $19) 26... Rac8 (26... Bxd4 27. Nf3 b5 28. Qc2 $11)
27. Nc4 (27. dxc5 Qxc6 28. Qxa7 bxc5 29. Qe7 $19) 27... Qxc6 (27... Rxc6 $6 28.
Ne5 Qc7 29. Qxc6 $17) 28. Qxc6 Rxc6 29. dxc5 Rxc5 30. Ne3 f4 (30... f4 31. Nf1
31... Rfc8 $19) 0-1

[Event "Bad Woerishofen op"]
[Site "Bad Woerishofen"]
[Date "2001.??.??"]
[Round "4"]
[White "Diete, Guenter"]
[Black "Dahmen, Juergen"]
[Result "1/2-1/2"]
[WhiteElo "1820"]
[BlackElo "1624"]
[Annotator "ChessOrg"]
[PlyCount "164"]
[EventDate "1998.03.05"]
[Source "ChessBase"]
[SourceDate "1998.04.29"]

1. e4 {B20: Sizilianisch} 1... c5 2. b4 cxb4 3. d4 {letzter Buchzug} 3... Nf6
4. Bd3 g6 5. Ne2 Bg7 6. O-O O-O 7. c4 bxc3 8. Nbxc3 a6 9. e5 Ne8 10. f4 d6 11.
Be3 dxe5 12. fxe5 Nc6 13. Be4 e6 14. Rb1 14... Rb8 $4 (14... f6 $15 $142) 15.
Bxc6 $18 15... b5 16. Ne4 Qb6 17. Bxe8 Rxe8 18. Nd6 Rf8 19. Qd2 Bb7 20. d5 (20.
Bh6 Qc6 21. Rf2 Bxh6 22. Qxh6 22... Ba8 $18) 20... Qd8 (20... Qc7 21. Rbc1 Qd7
22. dxe6 Qxe6 23. Ba7 $18) 21. Nxb7 (21. Ba7 $5 21... Bxd5 22. Bxb8 22... Qxb8
$18) 21... Rxb7 22. d6 (22. dxe6 Qxd2 23. Bxd2 fxe6 24. Rxf8+ Kxf8 25. Bb4+
25... Ke8 $18) 22... Bxe5 23. Bf4 Bg7 24. Rbc1 Rd7 25. Rc6 Qa8 26. Rfc1 Rfd8
27. Qe3 (27. Bg3 $18) 27... a5 $2 (27... e5 28. Bxe5 Re8 29. R6c5 $16) 28. Bg5
(28. Be5 $18 $142) 28... Rxd6 $14 29. Rxd6 (29. Bxd8 Rxc6 30. Rxc6 Qxc6 31.
Bxa5 31... Qc2 $16) 29... Rxd6 $11 30. Qc5 Qf8 (30... Bf8 31. Qf2 $11 (31. Qxb5
$2 31... Rd5 32. Qb6 32... Rxg5 $19)) 31. Be3 (31. Qxb5 $5 31... h6 32. Be3 $16
) 31... Rd5 32. Qxf8+ Kxf8 33. Nf4 Rd8 34. Kf1 Bd4 35. Ke2 Bxe3 36. Kxe3 Ke7
37. Rc5 Rb8 38. Nd3 Kd6 39. a4 bxa4 40. Rxa5 Rb1 41. Rxa4 Ke7 42. Ra7+ Kf6 43.
h3 h5 44. Nc5 Rf1 (44... Re1+ $5 45. Kf3 Rf1+ 46. Ke2 46... Rc1 $16) 45. Ne4+
$18 45... Kg7 46. Ng5 Kg8 47. h4 Rf5 48. Ra4 Rb5 (48... Kg7 49. g3 $18) 49. Kf2
(49. Ra8+ $5 $142 49... Kg7 50. Ra7 $18) 49... Rb7 $16 50. Kg3 e5 51. Ne4 Kg7
52. Kh2 Rd7 53. Ng5 Rd4 (53... f6 $5 $142 54. Ne6+ 54... Kf7 $16) 54. Rxd4 $18
54... exd4 55. Kg3 d3 56. Kf3 Kf6 (56... f6 57. Ne4 $18) 57. Ne4+ (57. Ke3 $5
57... Ke7 $18) 57... Kf5 58. Nd6+ Ke6 59. Nc4 Kd5 60. Nd2 Kd4 61. Kf4 Kc3 62.
Ke3 62... f6 $2 (62... Kc2 63. Nc4 $16) 63. Ne4+ $4 (63. Nf3 $142 63... Kc4 64.
Kd2 $18) 63... Kc2 $14 64. g3 (64. Nxf6 $4 64... d2 $19) 64... g5 65. Nd2 (65.
hxg5 $143 65... fxg5 66. Nf2 66... d2 $17) (65. Nxf6 $4 65... d2 66. hxg5 66...
d1=Q $19) 65... gxh4 66. gxh4 f5 (66... Kc3 67. Nf1 67... Kc2 $14) 67. Nf3 $4 (
67. Nf1 $18 $142) 67... Kc3 $11 68. Kf4 d2 69. Nxd2 Kxd2 70. Kxf5 Ke3 71. Kg5
Ke4 72. Kxh5 Kf5 73. Kh6 Kf6 74. Kh7 Kf7 75. h5 Kf8 76. Kh8 Kf7 77. Kh7 Kf8 78.
Kg6 Kg8 79. Kf6 Kh8 80. Kg5 Kh7 81. Kf5 Kh6 82. Kg4 Kh7 1/2-1/2

[Event "Bad Woerishofen op"]
[Site "Bad Woerishofen"]
[Date "2001.??.??"]
[Round "6"]
[White "Diete, Guenter"]
[Black "Schmidt, Thomas"]
[Result "0-1"]
[WhiteElo "1820"]
[BlackElo "1671"]
[Annotator "ChessOrg"]
[PlyCount "96"]
[EventDate "1998.03.05"]
[Source "ChessBase"]
[SourceDate "1998.04.29"]

1. e4 {B20: Sizilianisch} 1... c5 2. b4 cxb4 3. d4 d5 4. exd5 4... Qxd5 {
letzter Buchzug} 5. Nf3 e6 6. c4 bxc3 7. Nxc3 Bb4 8. Bd2 Bxc3 9. Bxc3 Nc6 10.
Bd3 Nf6 11. O-O O-O 12. Re1 Qh5 13. Rb1 a6 14. Qc2 Nd5 15. Bd2 f6 16. h3 Nce7
17. Kh2 g5 18. g4 Qf7 19. Re2 Ng6 20. Ree1 Ngf4 21. Be4 Ra7 22. Rg1 (22. Bxf4
Nxf4 (22... gxf4 $6 23. Bxd5 exd5 24. Rb6 $14) 23. Rb3 23... Qd7 $15) 22... b5
$17 23. Ba5 h5 24. gxh5 (24. h4 hxg4 25. Rxg4 25... Qh5 $17) 24... Qxh5 25. Rg3
Rg7 26. Rb3 g4 27. Ng1 f5 28. Bg2 (28. Bxd5 Nxd5 29. Qe2 29... Bd7 $17) 28...
Nxg2 $19 29. Rxg2 Nf4 (29... Bb7 30. f3 $19) 30. Rgg3 (30. Bb4 Re8 (30... Nxg2
31. Bxf8 Kxf8 32. Qxc8+ Qe8 33. Qxe8+ Kxe8 34. Kxg2 $18) 31. Rgg3 31... Bb7 $17
) 30... Bb7 (30... Nxh3 31. Nxh3 f4 32. Rg2 $19) 31. Bd2 (31. Qd2 Nxh3 32. Nxh3
32... f4 $19 (32... gxh3 $6 33. Rxg7+ Kxg7 34. Rg3+ Kf7 35. Qf4 $11)) 31... Rc8
(31... Nxh3 32. Nxh3 f4 33. Bxf4 Rxf4 34. Rbc3 $19) 32. Rbc3 Rxc3 33. Qxc3 Nd5
34. Qc1 Nf6 35. f3 Bxf3 36. Bf4 $2 (36. Nxf3 $142 36... Ne4 37. Ng5 Nxg5 38.
Qc8+ Kh7 39. Bxg5 Qxg5 40. Qxe6 $19) 36... Ne4 37. Qc8+ Kh7 38. Be5 Nxg3 39.
Kxg3 Qg6 (39... f4+ 40. Kf2 Qh4+ 41. Kf1 Bg2+ 42. Ke2 f3+ 43. Kd2 Qg5+ 44. Kc2
$19) 40. Bxg7 Kxg7 (40... gxh3+ $142 41. Kxf3 Qg4+ (41... Qxg1 $6 42. Qh8+ Kg6
43. Qh6+ Kf7 44. Qf6+ Kg8 45. Qf8+ Kh7 46. Qh8+ Kg6 47. Qh6+ Kf7 48. Qf6+ Kg8
49. Qf8+ Kh7 50. Qh8+ $11) 42. Kf2 Qg2+ (42... Qxg7 $6 43. Nf3 $11) 43. Ke3
Qxg1+ (43... Kxg7 44. Qd7+ Kf6 45. Qd8+ Kg7 46. Qe7+ Kh8 47. Qf6+ Kh7 48. Nf3
$16) 44. Kd3 Qb1+ (44... Kxg7 $143 45. Qd7+ Kh6 46. Qxe6+ Qg6 47. Qe7 $19) 45.
Ke3 Qe1+ (45... Kxg7 46. Qc7+ Kf6 47. Qe5+ Ke7 48. Qc7+ Ke8 49. Qc6+ Kf7 50.
Qc7+ Kg6 51. Qg3+ Kh5 52. Qf3+ Kh6 53. Qf4+ Kh7 54. Qc7+ Kg8 55. Qd8+ Kf7 56.
Qc7+ Kf8 57. Qd6+ Kf7 58. Qc7+ $11) 46. Kf3 46... Kxg7 $19) 41. Qc7+ Kh6 42. h4
(42. Nxf3 $5 $142 42... gxf3+ 43. Kxf3 Qh5+ 44. Kg3 Qg5+ 45. Kf3 $19) 42... Bd5
43. Qd8 (43. Qf4+ Kh7 44. a3 $19) 43... f4+ $1 (43... Bxa2 $6 44. Qh8+ Qh7 45.
Qf6+ Qg6 46. Qh8+ Qh7 47. Qf6+ Qg6 48. Qh8+ $11) 44. Kxf4 (44. Kf2 g3+ 45. Ke1
Qb1+ 46. Kd2 Qb4+ 47. Ke2 Qc4+ 48. Ke1 Qc3+ 49. Kd1 Qxd4+ 50. Kc1 Qxg1+ 51. Kc2
Qc5+ 52. Kd1 Qd4+ 53. Ke2 f3+ 54. Ke1 f2+ 55. Ke2 f1=Q+ 56. Kxf1 Qf2#) 44...
Qe4+ 45. Kg3 Qg2+ (45... Qe3+ 46. Kxg4 Qxg1+ 47. Kf4 Qf2+ 48. Ke5 Qg3+ 49. Kf6
Qg7#) 46. Kf4 $19 46... Qf2+ (46... Qxg1 $6 47. Qf6+ Kh7 48. Qf7+ Kh8 49. Qf8+
Kh7 50. Qf7+ Kh6 51. Qf6+ Kh7 52. Qf7+ $11) 47. Ke5 Qh2+ (47... Qg3+ 48. Kf6
Qxh4+ 49. Ke5 Qxd8 50. Kf4 Qg5+ 51. Kg3 Qe3+ 52. Kh4 Qf2+ 53. Kxg4 e5 54. dxe5
Be6#) 48. Kf6 $19 48... Qxh4+ (48... Qxh4+ 49. Ke5 Qxd8 50. Kf4 Qg5+ 51. Kg3
Qe3+ 52. Kh4 Qf2+ 53. Kxg4 e5 54. dxe5 Be6#) 0-1

[Event "Bad Woerishofen op"]
[Site "Bad Woerishofen"]
[Date "2001.??.??"]
[Round "8"]
[White "Diete, Guenter"]
[Black "Haering, Walter-Georg"]
[Result "1-0"]
[WhiteElo "1820"]
[BlackElo "1500"]
[Annotator "ChessOrg"]
[PlyCount "49"]
[EventDate "1998.03.05"]
[Source "ChessBase"]
[SourceDate "1998.04.29"]

1. e4 {C50: Italienische Partie} 1... e5 2. Nf3 Nc6 3. Bc4 Bc5 4. O-O Nf6 5. d4
Nxd4 6. Nxe5 O-O 7. Nxf7 {letzter Buchzug} 7... Rxf7 8. Be3 d5 9. Bxd4 dxc4 (
9... Nxe4 $5 10. Bxc5 Be6 11. Bxd5 11... Bxd5 $16) 10. Bxc5 $16 10... Qxd1 (
10... Be6 11. Qxd8+ Rxd8 12. Nc3 $16) 11. Rxd1 $18 11... Bg4 12. Re1 Rd8 13. f3
Be6 14. Nc3 c6 (14... b6 $5 15. Ba3 15... a6 $18) 15. Rad1 Nd7 16. Bxa7 Ra8 17.
Be3 b5 18. Rd6 b4 19. Ne2 Nf8 20. Nc1 Rc7 21. Bc5 b3 22. cxb3 cxb3 23. axb3 Nd7
24. Ba3 Bf7 (24... Kf7 25. f4 g6 26. Kf2 $18) 25. Red1 (25. Red1 Nf6 26. Rd8+
Rxd8 27. Rxd8+ Ne8 28. Nd3 $18) 1-0

[Event "Bad Woerishofen op"]
[Site "?"]
[Date "2001.??.??"]
[Round "1"]
[White "Dittler, Volkfried"]
[Black "Heinig, Wolfram"]
[Result "0-1"]
[WhiteElo "1900"]
[BlackElo "2302"]
[Annotator "ChessOrg"]
[PlyCount "74"]
[EventDate "2000.??.??"]

1. d4 {E94: Koenigsindisch (Klassisches System)} 1... Nf6 2. Nf3 g6 3. c4 d6 4.
Nc3 Nbd7 5. e4 e5 6. Be2 Bg7 7. O-O O-O 8. Qc2 c6 9. Rd1 Qe7 10. Rb1 10... Re8
{letzter Buchzug} 11. d5 c5 12. b4 Rf8 (12... cxb4 13. Rxb4 Nc5 14. Be3 $11)
13. Ba3 b6 14. bxc5 dxc5 (14... Nxc5 15. Bxc5 bxc5 16. Rb3 $14) 15. Rb3 Bb7 16.
d6 Qd8 17. Nd5 (17. Bc1 17... Qc8 $16) 17... Bxd5 (17... Nxd5 18. exd5 f5 19.
Qd2 $15) 18. exd5 (18. cxd5 18... Ne8 $11) 18... Ne8 19. Bb2 (19. Bc1 19... h6
$11) 19... Nxd6 20. Re3 e4 21. Nd2 (21. Bxg7 Kxg7 22. Qc3+ Qf6 23. Qxf6+ 23...
Nxf6 $11) 21... f5 22. Bxg7 Kxg7 23. Rg3 Qf6 24. Kh1 Ne5 25. f4 (25. Re3 25...
Rad8 $15) 25... exf3 $17 26. gxf3 (26. Nxf3 $2 26... Ne4 $19) 26... Rae8 27.
Rdg1 (27. Bf1 $5 $17) 27... Ng4 $19 28. fxg4 Rxe2 29. g5 Qd4 30. Rd3 (30. R3g2
Rfe8 31. Qc1 $19) 30... Qe5 31. Nf3 31... Qxh2+ $3 32. Nxh2 Rxc2 33. Ra3 Rf7 (
33... Rxc4 $143 34. Rxa7+ Rf7 35. Ra6 $19) 34. Nf3 (34. Rg2 Rc1+ 35. Rg1 35...
Rxc4 $19) 34... Nxc4 (34... Rxc4 $143 35. Ne5 Rh4+ 36. Kg2 $19) 35. Rd3 Nd6 (
35... Rxa2 36. Rg2 Rxg2 37. Kxg2 $19) 36. Re3 (36. Rg2 Rc1+ 37. Rg1 37... Rc4
$19) 36... Ne4 (36... Rxa2 $5 37. Rg2 Ra1+ 38. Rg1 $19) 37. Rge1 (37. Rg2 Rc1+
38. Rg1 Ng3+ 39. Kg2 Rc2+ 40. Kh3 40... Ne2 $19) 37... Rd7 (37... Rd7 38. Kg1
38... Rxa2 $19) 0-1

[Event "Bad Woerishofen op"]
[Site "Bad Woerishofen"]
[Date "2001.??.??"]
[Round "3"]
[White "Dittler, Volkfried"]
[Black "Maahs, Erich"]
[Result "0-1"]
[WhiteElo "1900"]
[BlackElo "2199"]
[Annotator "ChessOrg"]
[PlyCount "78"]
[EventDate "1998.03.05"]
[Source "ChessBase"]
[SourceDate "1998.04.29"]

1. d4 {D02: Damenbauernspiele} 1... d5 2. Nf3 Nc6 3. e3 Bg4 4. Be2 e6 5. O-O
5... a6 {letzter Buchzug} 6. Nbd2 Nf6 7. c3 Bd6 8. h3 Bh5 9. Re1 O-O 10. b3 Ne4
11. Bb2 f5 12. c4 Bb4 13. Rf1 Bc3 14. Rb1 Bxb2 15. Rxb2 Nc3 16. Qe1 Qe7 17. c5
(17. Rc2 $5 17... Ne4 18. Rc1 $11) 17... e5 $15 18. dxe5 Qxc5 19. Nd4 (19. Bd3
19... Rae8 $17) 19... Nxe2+ 20. Nxe2 Nxe5 21. Nf4 Bf7 22. Qb1 g6 23. Rc2 Qe7
24. Rfc1 c6 25. Qb2 $2 (25. Rc3 $17 $142) 25... g5 $19 26. Re1 Qd6 (26... gxf4
$6 27. exf4 Rad8 28. Qd4 $11) 27. Rc3 (27. Ne2 Nd3 28. Qa1 Nxe1 29. Qxe1 29...
Rae8 $19) 27... gxf4 28. exf4 Ng6 29. Rg3 Qxf4 30. Nf3 (30. Rf3 Qg5 31. Rfe3
31... Qh5 $19) 30... Rae8 31. Rd1 c5 (31... Re4 $142 32. Ng5 Qe5 33. Qxe5 Rxe5
34. Re3 $19) 32. h4 Qh6 33. Rg5 d4 34. h5 Bd5 35. hxg6 (35. Qc1 Rf6 36. Re1
Rxe1+ 37. Nxe1 $19) 35... Bxf3 36. gxh7+ Kxh7 37. Rg3 Bxd1 38. Rh3 Re1+ (38...
Bh5 $142 39. Qb1 Qd2 40. Rxh5+ Kg6 41. Rh3 Re1+ 42. Qxe1 Qxe1+ 43. Kh2 Qxf2 44.
b4 $19) 39. Kh2 Bh5 (39... Bh5 40. Rh4 40... Qg5 $19) 0-1

[Event "Bad Woerishofen op"]
[Site "Bad Woerishofen"]
[Date "2001.??.??"]
[Round "5"]
[White "Dittler, Volkfried"]
[Black "Engels, Marco"]
[Result "1/2-1/2"]
[WhiteElo "1900"]
[BlackElo "2158"]
[Annotator "ChessOrg"]
[PlyCount "71"]
[EventDate "1998.03.05"]
[Source "ChessBase"]
[SourceDate "1998.04.29"]

1. d4 {A46: Damenbauernspiele} 1... e6 2. Nf3 Nf6 3. e3 c5 4. b3 4... cxd4 {
letzter Buchzug} 5. exd4 Qa5+ 6. Bd2 Qb6 7. Bd3 Nc6 8. c3 Be7 9. O-O d6 10. Be3
Nd5 11. Qc2 h6 12. Nbd2 Bd7 13. Nc4 Qc7 14. Bd2 Rc8 15. Rfe1 Qb8 16. Qb2 O-O
17. Rac1 f5 18. Ne3 Nxe3 19. fxe3 (19. Bxe3 $5 19... Qc7 20. b4 $14) 19... d5
20. c4 Bd6 21. Bc3 Be8 22. Ne5 Qc7 23. a3 Qe7 24. b4 Qg5 25. cxd5 exd5 26. Kh1
f4 (26... Bf7 $5 $11 $142) 27. Nf3 Qh5 28. e4 g5 29. exd5 Ne7 30. Re6 Rd8 31.
Ne5 (31. Qe2 Nf5 32. Bxf5 Rxf5 33. Qe4 $16) 31... g4 $4 (31... f3 32. gxf3 Nxd5
33. Bc4 Bxe5 34. Rxe5 Qxf3+ 35. Qg2 Qxg2+ 36. Kxg2 $11) 32. Qc2 (32. Qe2 Bxe5
33. Rxe7 Bd6 34. Qe6+ Bf7 35. Rxf7 Qxf7 (35... Rxf7 $4 36. Bg6 Qxg6 37. Qxg6+
Rg7 38. Qxh6 $18) 36. Qxg4+ 36... Kh8 $14) 32... f3 (32... g3 $142 33. h3 33...
f3 $14 (33... Nxd5 $2 34. Bg6 Bxg6 35. Rxg6+ (35. Qxg6+ $143 35... Qxg6 36.
Nxg6 Rfe8 37. Rxe8+ 37... Rxe8 $17) 35... Kh8 36. Ng4 $18)) 33. gxf3 $18 33...
Bxe5 (33... gxf3 34. Bd2 Bxe5 35. Rxe5 $18 (35. dxe5 $143 35... f2 36. Bh7+
36... Kh8 $15)) 34. Rxe5 (34. dxe5 Nxd5 35. Bc4 35... Rxf3 $16 (35... gxf3 $4
36. Bxd5 Rxd5 37. Rg1+ Kf7 38. Rd6 $18)) 34... Qf7 35. Be4 (35. Qg2 Bd7 36. Bd2
Qxf3 37. Rxe7 Qxd3 38. Bxh6 Rf7 39. Rxf7 39... Kxf7 $16) 35... Nxd5 (35... gxf3
36. Qf2 36... Rd6 $18) 36. Rg1 (36. Bd2 Nf6 37. Bxh6 Nxe4 38. fxe4 38... Rc8
$18) 1/2-1/2

[Event "Bad Woerishofen op"]
[Site "Bad Woerishofen"]
[Date "2001.??.??"]
[Round "7"]
[White "Dittler, Volkfried"]
[Black "Theuermeister, Peter"]
[Result "1-0"]
[WhiteElo "1900"]
[BlackElo "1587"]
[Annotator "ChessOrg"]
[PlyCount "127"]
[EventDate "1998.03.05"]
[Source "ChessBase"]
[SourceDate "1998.04.29"]

1. d4 {D05: Damenbauernspiele (Colle-Aufbau)} 1... Nf6 2. Nf3 e6 3. e3 d5 4.
Bd3 c5 5. b3 5... a6 {letzter Buchzug} 6. O-O Be7 7. Bb2 Nc6 8. Nbd2 Bd7 9. a3
O-O 10. Ne5 Nxe5 (10... Rc8 11. c4 $11) 11. dxe5 $14 11... Ne8 12. c4 b5 13. f4
f6 14. Qh5 f5 15. Rf3 (15. cxd5 $142 15... exd5 16. Rfd1 $11) 15... dxc4 $17
16. Rh3 (16. bxc4 Bc6 17. e4 bxc4 18. Rh3 $11) 16... h6 (16... cxd3 $142 17.
Qxh7+ 17... Kf7 $19) 17. bxc4 $11 17... Bc6 18. e4 (18. Qe2 18... Qa5 $11)
18... fxe4 $15 19. Nxe4 Rxf4 (19... bxc4 $5 20. Bc2 20... Rxf4 $17) 20. Qg6 $11
20... Bxe4 21. Bxe4 Rxe4 (21... Qd2 $5 $142 22. Qh7+ 22... Kf8 $11) 22. Qxe4
$16 22... Bg5 (22... Nc7 23. Rd3 Qe8 24. Rad1 bxc4 25. Qxc4 $16) 23. Rd3 $18
23... Qc8 24. Rad1 Ra7 (24... Rb8 25. Rd7 bxc4 26. Bc3 $18) 25. Bc1 $18 25...
Be7 $2 (25... bxc4 26. Qxc4 Bxc1 27. Rxc1 $18) 26. Be3 (26. Qg6 $18 $142) 26...
bxc4 27. Qxc4 Qc6 28. Rb3 Nc7 (28... Ra8 $18 $142) 29. Rb8+ Kh7 (29... Ne8 $18)
30. Qc2+ g6 31. Qd2 (31. Rf1 $142 31... Qe8 $18) 31... Nd5 32. Bxh6 (32. Qf2
$142 32... Bd6 33. exd6 Qxd6 34. Rf8 $18) 32... Qc7 33. Rb3 Qxe5 34. Rh3 Kg8
35. Qf2 (35. Re1 35... Qf6 $18) 35... Rc7 (35... Rb7 36. Qc2 Qf5 37. Qa4 $18)
36. Bc1 (36. Qc2 $5 36... Kf7 37. Bc1 37... Bf6 $18) 36... c4 $16 37. Qc2 Bc5+
(37... Kg7 $5 $18 $142) 38. Kh1 Qf5 39. Qb2 (39. Qxc4 Bf8 40. Qxa6 40... Rc2
$18) 39... c3 (39... Qf6 40. Re1 $16) 40. Qb8+ (40. Qe2 $5 $142 40... Bd6 41.
Qxa6 $18) 40... Qf8 $14 41. Qb1 Qf5 42. Qa1 Qf2 43. Rf3 Qe2 (43... Qc2 44. Bg5
$11) 44. Bh6 (44. Rdf1 44... Qe4 $16) 44... Rh7 (44... Qb2 $5 45. Qc1 Qxc1 (
45... Bxa3 46. Qg5 Qc2 47. Qd8+ Kh7 48. Rxd5 Qb1+ 49. Rd1 Qxd1+ 50. Qxd1 $18) (
45... Qxa3 $4 46. Qc2 Rg7 47. Bxg7 Kxg7 48. Rg3 $18) 46. Bxc1 46... Rb7 $11)
45. Re1 $14 45... Qb2 46. Qc1 Qxc1 (46... Qxa3 47. Qg5 (47. Rxe6 $6 47... Rxh6
48. Re8+ 48... Kg7 $16) 47... Nf4 48. Rxf4 Rg7 49. Bxg7 Qc1 50. Qd8+ Kxg7 51.
Qf6+ Kh7 52. Rh4+ Qh6 53. Qf7+ Kh8 54. Rxh6#) (46... Bxa3 47. Qg5 Rxh6 48. Qxh6
$18) 47. Bxc1 (47. Rxc1 $2 47... Rxh6 48. Rfxc3 Nxc3 49. Rxc3 49... Rh5 $19)
47... Re7 48. Ref1 (48. g4 48... Kg7 $14) 48... Kg7 49. Rh3 Re8 50. Bh6+ Kg8
51. Rhf3 (51. a4 51... a5 $11) 51... Kh7 (51... Bxa3 52. Ra1 Rb8 53. Kg1 $15)
52. Bc1 $11 52... e5 53. Rf7+ Kg8 54. Rd7 Nf4 55. g3 Ne2 56. Bg5 (56. Rc7 Rf8
57. Kg2 57... Bd4 $18) 56... Rf8 (56... Bxa3 $143 57. Ra1 c2 58. Rxa3 $18) 57.
Re1 Rf2 58. Rb1 (58. Rc7 $142 58... Nd4 59. Be3 $14 (59. Rxc5 $143 59... Nf3
60. Rc8+ Kf7 61. Rc7+ Ke6 62. Re7+ Kd5 63. Rd1+ 63... Ke4 $17) (59. Rxe5 $4
59... Nf3 60. Re8+ Bf8 61. Rxf8+ Kxf8 62. Rc8+ 62... Kf7 $19)) 58... Nxg3+ $4 (
58... c2 $142 59. Rb8+ 59... Bf8 $15) 59. hxg3 $18 59... Bxa3 60. Rc7 (60. Rb6
Rf7 61. Rxg6+ Kh7 62. Rh6+ Kg8 63. Rxf7 Kxf7 64. Rxa6 64... Bc5 $18) 60... c2 (
60... Bb2 $18) 61. Rb8+ Bf8 62. Bh6 e4 63. Kg1 Rf7 (63... Rf6 64. Rcc8 Kh7 65.
Bg5 (65. Rxf8 $6 65... Kxh6 66. Rh8+ 66... Kg5 $18) 65... c1=Q+ 66. Bxc1 $18)
64. Rxc2 (64. Rxc2 Rf3 65. Kg2 $18) 1-0